|
|
|
|
| LEADER |
00000nab a2200000 a 4500 |
| 001 |
vtls000676583 |
| 003 |
SK-MaSNL |
| 005 |
20260302190852.0 |
| 008 |
180206c1998 xo 0 slo |
| 015 |
|
|
|a SNBRB1998/12-32961
|
| 035 |
|
|
|a CLN000028753
|
| 040 |
|
|
|a SNKBUCL
|b slo
|c SNKBUCL
|e AACR2
|
| 041 |
0 |
|
|a slo
|
| 044 |
|
|
|a xo
|c SK
|
| 080 |
|
|
|a 796.325.093.1
|2 UDC-MRF-SK2
|
| 245 |
0 |
0 |
|a Prvá štvorka už jasná
|b predohrávka 8. kola extraligy volejbalistov
|
| 650 |
0 |
7 |
|a volejbal
|x muži
|x Extraliga
|y sezóna 1998/1999
|x kolo 8.
|2 snkbucl
|9 905563
|
| 655 |
|
7 |
|a články z novín a časopisov
|2 snkbucl
|9 267496
|
| 773 |
0 |
|
|t Šport
|g Roč. 52, č. 286 (10.12.1998), s. 4
|
| 850 |
|
|
|a Slovenská národná knižnica v Martine
|
| 852 |
|
|
|a SNK
|b KIS3GCP
|
| 958 |
|
|
|a RBX
|
| 999 |
|
|
|c 1435113
|d 1437043
|